000 00485nam a2200205Ia 4500
005 20250425161201.0
008 250425s9999 xx 000 0 und d
020 _a0023214503
041 _aeng
082 _a621.4022
100 _aCHAPMAN, ALAN JESSE
245 0 _aHEAT TRANSFER
250 _a3RD ED.
260 _aEstados Unidos
_bMACMILLAN PUBLISHING
_c1974
260 _aNEW YORK
300 _a653
650 _aTRANSFERENCIA DE CALOR
942 _c01
010 _a14547
999 _c204070
_d204070